| 000 | 00427nam a22001577a 4500 | ||
|---|---|---|---|
| 003 | 0 | ||
| 005 | 20230620131933.0 | ||
| 008 | 230620b xxu||||| |||| 00| 0 eng d | ||
| 020 | _a978-0-545-85364-4 | ||
| 082 |
_aER _b.Mc173 2014 |
||
| 245 |
_aLola plants a garden _cMcQuinn, Anna |
||
| 260 |
_aNew York _bScholastic, Inc. _cc2014 |
||
| 300 |
_a25pp. _bcol. ill. _c24cm. |
||
| 500 | _aChildren's stories. | ||
| 942 |
_2ddc _cER |
||
| 999 |
_c365056 _d365056 |
||